01020nam a2200265 a 450000100100000000500170001000800410002702000150006804000250008308200190010810000290012724500920015626000350024830000210028349000280030465000240033265000710035665000270042765000510045465100820050573000450058773000520063273000420068483000280072600004279620240530073936.0140210s2006 dr 001 e spa d a994585531X aDO-SdBNPbspacBNPHU aRD863.5bH936h1 aHungría, Jimmy,d1956-10aHelados que el tiempo derritió y otros artículos :b(1994-2003) /cJimmy Hungría. aSanto Domingo :bVetas,c2006. a414 p. ;c27 cm.1 aColección Voluntadv5 0aEnsayos dominicanos 4aVida culturalzRepública DominicanavENSAYOS, CONFERENCIAS, ETC. 0aLiteratura dominicana. 4aDiarios dominicanosxSecciones, columnas, etc. 4aRepública DominicanaxVida Social Y CostumbresvENSAYOS, CONFERENCIAS, ETC.0 aListín Diario (República Dominicana)0 aRevista Cultural Vetas (República Dominicana)0 aEn la Gatera (República Dominicana) 0aColección Voluntadn5